00996cam a2200253 a 450000100100000000500170001000800410002704000290006804200120009705000200010908200130012910000390014224501580018126000620033930000300040170000260043170000350045770000320049270000420052491000330056604900090059995201170060899900170072500001910520200929165926.0820222s1943 mx a 000 1 spa d aDO-SdBNPbspacLCdBNPHU apremarc00aPQ7297.L615bT5 ann*bnn*1 aLópez Bermúdez, José.94111010aTierra y sueño :bparabolas /cJosé López Bermúdez ; poema Pablo Neruda y prólogo Antonio Caso ; dibujos Julio Prieto y Rafael Muñoz López. aMéxico, D. F. :b[Talleres de Adrián Morales],c1943. a[123] p. :bil. ;c24 cm.1 aNeruda, Pablo.9411111 aCaso, Antonio,epról.9411121 aPrieto, Julio,eill.9411131 aMuñoz López, Rafael,eill.941114 aCatalogación derivada / LC aBNGR 001054708MOaGRbGRcCTd2010-05-25iLF1l0onn* nn*p19105-10r2020-06-25w2020-06-25y4ZPréstamo en sala c18623d18623